000 00733na a2200265 4500
001 23672
003 MIRAKIL
005 20181213155307.0
008 171129b tu 000 0
040 _aMilas
_btur
_cTR-AnCHP
041 _atur
082 _a363.3495
_bB21d 1998
090 _a363.3495 B21d 1998
100 _aBabüroğlu, Selahattin
245 _aDeprem ve devlet
_cSelahattin Babüroğlu
260 _aAnkara
_b[yayl.y.]
_c1998
_fTbmm vakfı ofset
300 _a192 s.
_btbl. , fotğ.
_c22 sm.
504 _aDizin var.
650 _aDoğal Afetler
_xDepremler
_zTürkiye
657 _aErzincan Depremi
657 _aVan Depremi
657 _aBurdur Depremi
657 _aBingöl Depremi
942 _2ddc
_cBKS
999 _c10103
_d10103